000
00351nam a2200157Ia 4500
003
OSt
005
20240214125941.0
008
170524s9999 xx 000 0 und d
020
_a
978-1260565553
040
_c
IIMT UNIVERSITY
100
_a
BREALEY
100
_c
2010
245
0
_a
PRINCIPLES OF CORPORATE FINANCE
260
_a
TMH
942
_2
ddc
_c
01
999
_c
2888
_d
2888